• 首页
  • 本馆介绍
  • 公告通知
  • 最新文献
  • 馆藏检索
  • 电子资源
  • 读者导购
  • 参考咨询
  • 我的图书馆
  • 登录
  • 详细信息显示
  • 放入我的书架
  • 预约/预借图书
  • 作者相关作品
  • 分类相关作品
  • 丛书相关作品
  • 出版社相关作品

书目信息

  • 表格格式
  • 工作单格式
  • 卡片格式
题名:
罗素自传
    
 
作者: 罗素 著 ;徐奕春 译
分册: 第三卷(1944~1967)  
出版信息: 北京   商务印书馆  2004
页数: 340页
开本: 20cm
丛书名:
单 册:
中图分类: B561.54
科图分类:
主题词:
电子资源:
ISBN: 7-100-04046-9
000 01217nam0 2200253 450
001 TS2006043045
005 20061206162538.56
010    @a7-100-04046-9@dCNY23.00
100    @a20060829d2004 em y0chiy0120 ea
101 1  @achi@ceng
102    @aCN@b110000
105    @aa z 001ya
200 1  @a罗素自传@ALuo Su Zi Zhuan@dThe Autobiography of Bertrand Russell@h第三卷(1944~1967)@HDi San Juan (1944~1967)@f(英)伯特兰·罗素(Bertrand Russell)著@F( Ying ) Bo Te Lan· Luo Su (Bertrand Russell) Zhu@g徐奕春译@zeng
210    @a北京@c商务印书馆@d2004
215    @a340页@c照片@d20cm
305    @a英国卢德里奇出版公司授权,据乔治·艾伦和昂温出版公司1969年版译出
330    @a本卷记叙了罗素在1944至1967年间的生活,其中介绍了他反对核武器试验、防止核战争、解决世界争端、参加和平抵抗活动等一系列事件;还描述了他获得诺贝尔文学奖核90岁寿庆活动的热烈场面,介绍了他发起成立基金会等有关情况。
510 1  @aThe Autobiography of Bertrand Russell@h3@zeng
600  0 @a罗素@c(Russell, Bertrand@f1872~1970)@x传记
690    @aB561.54@v4
701 A1 @a罗素@ALuo Su@b伯特兰@g(Russell, Bertrand Arthur William@f1872~1970)@4著
702  0 @a徐奕春@AXu Yi Chun@4译
801  0 @aCN@b中图数据@c20061206
905    @a10447@dB561.54@e29:3
    
    罗素自传=The Autobiography of Bertrand Russell.第三卷(1944~1967)/(英)伯特兰·罗素(Bertrand Russell)著/徐奕春译.-北京:商务印书馆,2004
    340页:照片;20cm
    
    
    ISBN 7-100-04046-9:CNY23.00
    本卷记叙了罗素在1944至1967年间的生活,其中介绍了他反对核武器试验、防止核战争、解决世界争端、参加和平抵抗活动等一系列事件;还描述了他获得诺贝尔文学奖核90岁寿庆活动的热烈场面,介绍了他发起成立基金会等有关情况。
●
相关链接 在E读中查询图书 在五车中查询图书 在当当中查询图书 在豆瓣中查询图书


正题名:罗素自传     索取号:B561.54/29:3         预约/预借

序号 登录号 条形码 馆藏地/架位号 状态 备注
1 0615822   206158227   第一样本阅览室/ [索取号:B561.54/29:3] 在馆    
2 0615823   206158236   第一借阅区/ [索取号:B561.54/29:3] 在馆    
3 0615824   206158245   第一借阅区/ [索取号:B561.54/29:3] 在馆    
4 0615825   206158254   第一借阅区/ [索取号:B561.54/29:3] 在馆    
唐山师范学院图书馆 欢迎您!
大连网信软件有限公司© 版权所有